000 00501nam a2200169Ia 4500
008 260520s2015 xx 000 0 und d
020 _a978-81-7434-916-3
041 _amar
082 _a954.042/AKA
100 _aअकबर, एम जे
245 _aनेहरू : नवभारताचे शिल्पकार
250 _a1st ed
260 _aपुणे
_bराजहंस प्रकाशन
_c2015
300 _a692p.
500 _aCat No: 14936
650 _aHISTORY
999 _c1221742
_d1221742